[Event "WCO 2016"]
[Site "?"]
[Date "2016.09.09"]
[Round "7"]
[Board "16"]
[WhiteID "21300313"]
[White "Manyeli Mahlauli "]
[BlackID "15200876"]
[Black "Tsuses Patience"]
[Result "1-0"]
[BlackElo "1025"]
[WhiteElo "1088"]
[LiveChessVersion "1.4.8"]

1. e4 {[%clk 1:30:51]} e6 {[%clk 1:30:57]} 2. Nf3 {[%clk 1:30:20]} d5
{[%clk 1:30:12]} 3. exd5 {[%clk 1:29:36]} exd5 {[%clk 1:30:32]} 4. d4
{[%clk 1:29:48]} Nf6 {[%clk 1:30:36]} 5. Bg5 {[%clk 1:28:55]} Be7
{[%clk 1:30:08]} 6. Be2 {[%clk 1:27:39]} O-O {[%clk 1:28:32]} 7. O-O
{[%clk 1:25:35]} Nc6 {[%clk 1:26:15]} 8. c4 {[%clk 1:25:21]} dxc4
{[%clk 1:25:45]} 9. Bxc4 {[%clk 1:25:15]} Bg4 {[%clk 1:21:16]} 10. Qd3
{[%clk 1:23:53]} Bxf3 {[%clk 1:18:01]} 11. Qxf3 {[%clk 1:19:37]} Nxd4
{[%clk 1:16:39]} 12. Qh3 {[%clk 1:16:13]} h6 {[%clk 1:14:32]} 13. Bxh6
{[%clk 1:12:57]} gxh6 {[%clk 1:02:50]} 14. Qxh6 {[%clk 1:12:26]} Nh7
{[%clk 0:58:19]} 15. Bd3 {[%clk 1:08:23]} f5 {[%clk 0:57:56]} 16. Bc4+
{[%clk 1:00:08]} Rf7 {[%clk 0:54:01]} 17. Qg6+ {[%clk 0:56:46]} Kh8
{[%clk 0:51:25]} 18. Bxf7 {[%clk 0:55:33]} Nc2 {[%clk 0:49:42]} 19. Nc3
{[%clk 0:55:30]} Nxa1 {[%clk 0:48:38]} 20. Nd5 {[%clk 0:55:36]} Qd6
{[%clk 0:34:19]} 21. Re1 {[%clk 0:52:50]} Qxg6 {[%clk 0:30:50]} 22. Bxg6
{[%clk 0:52:54]} Bf6 {[%clk 0:30:04]} 23. Rxa1 {[%clk 0:52:13]} Bxb2
{[%clk 0:28:51]} 24. Rb1 {[%clk 0:52:23]} Rd8 {[%clk 0:28:36]} 25. Rxb2
{[%clk 0:50:36]} Rxd5 {[%clk 0:28:23]} 26. g3 {[%clk 0:50:45]} b6
{[%clk 0:28:38]} 27. Re2 {[%clk 0:50:54]} c5 {[%clk 0:28:34]} 28. Re7
{[%clk 0:51:02]} Nf8 {[%clk 0:26:26]} 29. Bh5 {[%clk 0:48:30]} a5
{[%clk 0:25:01]} 30. Be2 {[%clk 0:47:46]} Ng6 {[%clk 0:20:35]} 31. Rb7
{[%clk 0:48:03]} f4 {[%clk 0:20:40]} 32. Rxb6 {[%clk 0:47:41]} Kh7
{[%clk 0:20:25]} 33. Ra6 {[%clk 0:44:59]} Rd2 {[%clk 0:18:53]} 34. Kf1
{[%clk 0:43:06]} fxg3 {[%clk 0:17:53]} 35. hxg3 {[%clk 0:42:37]} Kg7
{[%clk 0:12:01]} 36. f4 {[%clk 0:42:55]} Rxa2 {[%clk 0:11:39]} 37. Kf2
{[%clk 0:42:12]} c4 {[%clk 0:11:37]} 38. Kf3 {[%clk 0:38:52]} c3 {[%clk 0:11:21]}
39. Rc6 {[%clk 0:34:34]} c2 {[%clk 0:11:27]} 40. Kg4 {[%clk 1:03:09]} c1=Q
{[%clk 0:38:55]} 41. Rxc1 {[%clk 1:02:59]} Rxe2 {[%clk 0:39:10]} 42. Ra1
{[%clk 1:03:03]} Re4 {[%clk 0:25:03]} 43. Rxa5 {[%clk 1:02:37]} Kf7
{[%clk 0:24:29]} 44. Kg5 {[%clk 1:00:56]} Ne7 {[%clk 0:23:39]} 45. f5
{[%clk 0:59:33]} Ng8 {[%clk 0:22:13]} 46. Ra7+ {[%clk 0:58:58]} Re7
{[%clk 0:21:48]} 47. Ra6 {[%clk 0:58:04]} Re5 {[%clk 0:21:33]} 48. Kf4
{[%clk 0:57:46]} Re8 {[%clk 0:21:09]} 49. g4 {[%clk 0:57:55]} Ne7
{[%clk 0:20:46]} 50. Ra7 {[%clk 0:56:50]} Kf8 51. Rd7 Ng8 {[%clk 0:18:47]} 52. g5
{[%clk 0:56:59]} Re7 {[%clk 0:18:32]} 53. Rd6 {[%clk 0:55:29]} Re8
{[%clk 0:18:15]} 54. f6 {[%clk 0:51:01]} Nxf6 {[%clk 0:16:44]} 55. Rxf6+
{[%clk 0:51:10]} Kg7 {[%clk 0:16:57]} 56. Kf5 {[%clk 0:51:30]} Rf8
{[%clk 0:16:30]} 57. Rxf8 {[%clk 0:50:46]} Kxf8 {[%clk 0:16:53]} 58. Kf6
{[%clk 0:51:06]} Kg8 {[%clk 0:16:45]} 59. Kg6 {[%clk 0:50:08]} Kh8
{[%clk 0:16:38]} 60. Kf7 {[%clk 0:49:53]} Kh7 {[%clk 0:16:44]} 61. g6+
{[%clk 0:50:05]} 1-0

[Event "WCO 2016"]
[Site "?"]
[Date "2016.09.09"]
[Round "7"]
[Board "17"]
[WhiteID "11400099"]
[White "Sukhu Gloria"]
[BlackID "11501723"]
[Black "Faqeeh Rahaf"]
[Result "1-0"]
[BlackElo "1450"]
[WhiteElo "1476"]
[LiveChessVersion "1.4.8"]

1. e4 {[%clk 1:30:47]} e6 {[%clk 1:30:54]} 2. d4 {[%clk 1:31:12]} d5
{[%clk 1:31:07]} 3. Nc3 {[%clk 1:31:36]} Nf6 {[%clk 1:30:42]} 4. Bg5
{[%clk 1:32:01]} Be7 {[%clk 1:30:19]} 5. exd5 {[%clk 1:32:17]} Nxd5
{[%clk 1:30:05]} 6. Bxe7 {[%clk 1:32:33]} Nxe7 {[%clk 1:30:02]} 7. Bc4
{[%clk 1:29:25]} c6 {[%clk 1:26:53]} 8. Nf3 {[%clk 1:28:17]} Nd7 {[%clk 1:23:02]}
9. a3 {[%clk 1:28:07]} Nb6 {[%clk 1:19:58]} 10. Ba2 {[%clk 1:28:11]} Ned5
{[%clk 1:19:40]} 11. Ne2 {[%clk 1:27:58]} Na4 {[%clk 1:18:31]} 12. Qc1
{[%clk 1:27:44]} Qb6 {[%clk 1:17:32]} 13. b3 {[%clk 1:28:05]} Nac3
{[%clk 1:16:26]} 14. Nxc3 {[%clk 1:26:31]} Nxc3 {[%clk 1:16:45]} 15. Qd2
{[%clk 1:26:31]} Qa5 {[%clk 1:10:56]} 16. Bb1 {[%clk 1:26:20]} b6
{[%clk 1:08:46]} 17. O-O Nxb1 18. Rfxb1 {[%clk 1:26:17]} Qxd2 {[%clk 1:08:13]}
19. Nxd2 {[%clk 1:26:45]} Bb7 {[%clk 1:07:56]} 20. Ne4 {[%clk 1:27:10]} Rd8
{[%clk 1:07:15]} 21. Rd1 {[%clk 1:26:53]} O-O {[%clk 1:06:56]} 22. c3
{[%clk 1:27:00]} c5 {[%clk 1:06:45]} 23. f3 {[%clk 1:26:43]} cxd4
{[%clk 1:04:59]} 24. Rxd4 {[%clk 1:27:02]} Rxd4 {[%clk 1:05:12]} 25. cxd4
{[%clk 1:27:31]} Rd8 {[%clk 1:03:35]} 26. Rd1 {[%clk 1:27:57]} e5
{[%clk 1:03:14]} 27. d5 {[%clk 1:27:56]} Rxd5 {[%clk 1:03:00]} 28. Rc1
{[%clk 1:27:29]} Rd7 {[%clk 1:00:29]} 29. Nc3 {[%clk 1:26:23]} f6 30. Ra1
{[%clk 1:20:48]} Rd3 {[%clk 0:57:01]} 31. Rc1 {[%clk 1:20:57]} a6
{[%clk 0:53:27]} 32. b4 {[%clk 1:21:13]} Kf7 {[%clk 0:53:29]} 33. Rc2
{[%clk 1:21:14]} Kg6 {[%clk 0:52:21]} 34. a4 {[%clk 1:20:00]} f5 {[%clk 0:51:32]}
35. Kf2 {[%clk 1:20:07]} Rd4 {[%clk 0:48:55]} 36. Na2 Bd5 37. Nc3
{[%clk 1:18:12]} Rc4 {[%clk 0:45:09]} 38. Ke3 f4+ 39. Kd2 Rd4+ 40. Kc1
{[%clk 1:12:26]} Bc4 {[%clk 0:44:10]} 41. Rd2 {[%clk 1:10:57]} Rxd2
{[%clk 0:43:08]} 42. Kxd2 b5 43. a5 {[%clk 1:10:40]} Kf5 {[%clk 0:42:43]} 44. Ne4
{[%clk 1:10:59]} Bf1 {[%clk 0:36:59]} 45. g4+ {[%clk 1:41:25]} fxg3
{[%clk 1:07:04]} 46. hxg3 {[%clk 1:40:58]} Bg2 {[%clk 1:06:00]} 47. Ke3
{[%clk 1:41:27]} h5 {[%clk 1:05:01]} 48. Nc5 {[%clk 1:41:47]} g5 {[%clk 1:04:27]}
49. Nxa6 {[%clk 1:42:14]} h4 {[%clk 1:04:19]} 50. Kf2 {[%clk 1:42:31]} h3
{[%clk 1:03:54]} 51. Kg1 {[%clk 1:42:52]} Bxf3 {[%clk 1:03:51]} 52. Nc5
{[%clk 1:43:14]} e4 {[%clk 1:03:27]} 53. a6 {[%clk 1:43:40]} e3 {[%clk 1:03:22]}
54. Nd3 {[%clk 1:43:54]} Ke4 {[%clk 1:00:40]} 55. Ne1 {[%clk 1:43:33]} Bg4
{[%clk 0:58:56]} 56. a7 {[%clk 1:44:01]} e2 {[%clk 0:56:34]} 57. a8=Q+ Ke3 58.
Qa3+ {[%clk 1:43:21]} Kd2 {[%clk 0:56:06]} 59. Qa1 {[%clk 1:43:30]} Bh5
{[%clk 0:53:40]} 60. Kf2 {[%clk 1:43:40]} Bg4 {[%clk 0:53:10]} 61. Qd4+
{[%clk 1:43:59]} Kc1 {[%clk 0:51:39]} 62. Qxg4 {[%clk 1:44:18]} h2
{[%clk 0:51:27]} 63. Qh5 {[%clk 1:44:47]} g4 {[%clk 0:50:24]} 64. Qxh2
{[%clk 1:45:15]} Kd1 {[%clk 0:50:33]} 65. Qh5 {[%clk 1:45:32]} 1-0

[Event "WCO 2016"]
[Site "?"]
[Date "2016.09.09"]
[Round "7"]
[Board "18"]
[WhiteID "11500522"]
[White "Albzoor Anwar"]
[BlackID "11400269"]
[Black "Vukikomoala Hilda"]
[Result "1-0"]
[BlackElo "1455"]
[WhiteElo "1570"]
[LiveChessVersion "1.4.8"]

1. Nf3 {[%clk 1:30:56]} Nf6 {[%clk 1:30:01]} 2. c4 {[%clk 1:31:05]} c6
{[%clk 1:29:27]} 3. Nc3 {[%clk 1:28:44]} d5 {[%clk 1:29:20]} 4. cxd5
{[%clk 1:27:29]} cxd5 {[%clk 1:29:35]} 5. d4 {[%clk 1:26:12]} e6 {[%clk 1:27:00]}
6. a3 {[%clk 1:12:46]} Nc6 {[%clk 1:25:04]} 7. g3 {[%clk 1:09:49]} Be7
{[%clk 1:23:00]} 8. Bg2 {[%clk 1:09:48]} O-O {[%clk 1:23:06]} 9. O-O
{[%clk 1:09:06]} h6 {[%clk 1:21:37]} 10. Bf4 {[%clk 1:08:05]} Bd6 11. Bd2
{[%clk 1:02:29]} a6 {[%clk 1:18:42]} 12. Rc1 {[%clk 1:00:05]} Qb6
{[%clk 1:14:12]} 13. Na4 {[%clk 0:55:02]} Qd8 {[%clk 1:11:14]} 14. Qb3
{[%clk 0:49:50]} Rb8 {[%clk 1:08:54]} 15. Nc5 {[%clk 0:43:13]} Re8
{[%clk 0:59:51]} 16. Qc2 {[%clk 0:40:10]} e5 {[%clk 0:58:22]} 17. Nxa6
{[%clk 0:24:30]} bxa6 {[%clk 0:54:41]} 18. Qxc6 {[%clk 0:24:23]} Rxb2
{[%clk 0:47:33]} 19. dxe5 {[%clk 0:23:02]} Bxe5 {[%clk 0:46:36]} 20. Nxe5
{[%clk 0:19:18]} Rxd2 {[%clk 0:46:59]} 21. e3 {[%clk 0:16:11]} Ne4
{[%clk 0:27:22]} 22. Nf3 {[%clk 0:12:00]} Rb2 {[%clk 0:25:40]} 23. Nd4
{[%clk 0:10:52]} Rb6 {[%clk 0:20:12]} 24. Qc2 {[%clk 0:08:38]} Bd7
{[%clk 0:19:17]} 25. Rfd1 {[%clk 0:07:13]} Bb5 {[%clk 0:14:39]} 26. Nxb5
{[%clk 0:06:48]} Rxb5 {[%clk 0:10:31]} 27. Bxe4 {[%clk 0:06:34]} Qd6
{[%clk 0:06:49]} 28. Bg2 {[%clk 0:06:07]} Rd8 {[%clk 0:06:28]} 29. Qc6
{[%clk 0:04:50]} Qe5 {[%clk 0:04:41]} 30. Qc7 {[%clk 0:03:07]} Qf6
{[%clk 0:03:07]} 31. Rc6 {[%clk 0:01:48]} Qg5 {[%clk 0:01:10]} 32. h4
{[%clk 0:02:08]} Qg4 {[%clk 0:00:49]} 33. Qxd8+ {[%clk 0:02:29]} Kh7
{[%clk 0:01:03]} 34. Rdc1 {[%clk 0:02:15]} Rb2 {[%clk 0:00:59]} 35. Qxd5
{[%clk 0:01:28]} Qe2 {[%clk 0:01:04]} 36. Qf5+ {[%clk 0:01:44]} 1-0

[Event "WCO 2016"]
[Site "?"]
[Date "2016.09.09"]
[Round "7"]
[Board "19"]
[WhiteID "11400455"]
[White "Terubea Cydel"]
[BlackID "11501880"]
[Black "Faqeeh Aseel"]
[Result "0-1"]
[BlackElo "1488"]
[WhiteElo "1363"]
[LiveChessVersion "1.4.8"]

1. e4 {[%clk 1:30:58]} e6 {[%clk 1:30:49]} 2. d4 {[%clk 1:31:19]} d5
{[%clk 1:31:13]} 3. exd5 {[%clk 1:29:40]} exd5 {[%clk 1:31:34]} 4. Qe2+
{[%clk 1:29:50]} Be6 {[%clk 1:31:30]} 5. Nc3 {[%clk 1:29:25]} c6 {[%clk 1:31:18]}
6. g3 {[%clk 1:29:20]} Be7 {[%clk 1:30:46]} 7. Bg2 {[%clk 1:28:56]} Nf6
{[%clk 1:30:54]} 8. Bd2 {[%clk 1:28:28]} Qb6 {[%clk 1:26:54]} 9. O-O-O
{[%clk 1:22:01]} Qxd4 {[%clk 1:21:06]} 10. Bh6 {[%clk 1:20:12]} Qg4
{[%clk 1:18:43]} 11. Qxg4 {[%clk 1:14:01]} Nxg4 {[%clk 1:13:08]} 12. Bxg7
{[%clk 1:14:09]} Rg8 {[%clk 1:12:33]} 13. Bd4 {[%clk 1:14:20]} Nd7
{[%clk 1:10:48]} 14. f3 {[%clk 1:11:26]} Nge5 {[%clk 1:06:16]} 15. Re1
{[%clk 1:09:35]} Bd6 {[%clk 1:01:17]} 16. Bf2 {[%clk 1:07:08]} a6
{[%clk 0:56:44]} 17. Nh3 {[%clk 1:01:52]} O-O-O {[%clk 0:56:33]} 18. f4
{[%clk 0:59:12]} Nc4 {[%clk 0:52:11]} 19. Ng5 {[%clk 0:58:26]} Rde8
{[%clk 0:49:20]} 20. Nxe6 {[%clk 0:57:54]} fxe6 {[%clk 0:48:08]} 21. Bh3
{[%clk 0:57:03]} e5 {[%clk 0:45:16]} 22. fxe5 {[%clk 0:55:45]} Ncxe5
{[%clk 0:44:42]} 23. Bg2 {[%clk 0:52:31]} Rg7 {[%clk 0:42:31]} 24. h3
{[%clk 0:50:06]} Rge7 {[%clk 0:40:46]} 25. b3 {[%clk 0:46:24]} Nc5
{[%clk 0:39:53]} 26. Nd1 {[%clk 0:44:11]} Nxb3+ 27. cxb3 Nd3+ {[%clk 0:36:22]}
28. Kd2 {[%clk 0:43:01]} Nxe1 {[%clk 0:36:01]} 29. Rxe1 {[%clk 0:40:09]} Bb4+
{[%clk 0:36:06]} 30. Nc3 {[%clk 0:35:01]} d4 {[%clk 0:33:46]} 31. Rxe7
{[%clk 0:34:14]} dxc3+ {[%clk 0:33:41]} 32. Kc2 {[%clk 0:33:41]} Rxe7
{[%clk 0:33:56]} 33. Bf1 {[%clk 0:33:54]} Rf7 {[%clk 0:33:42]} 34. Bd3
{[%clk 0:32:13]} Rxf2+ {[%clk 0:33:42]} 35. Kb1 {[%clk 0:32:07]} Rf3
{[%clk 0:33:31]} 36. Bxh7 {[%clk 0:32:08]} Rxg3 {[%clk 0:33:44]} 37. Kc2
{[%clk 0:32:24]} Rg2+ {[%clk 0:33:01]} 38. Kb1 {[%clk 0:32:40]} Ba3
{[%clk 0:32:39]} 0-1

[Event "WCO 2016"]
[Site "?"]
[Date "2016.09.09"]
[Round "7"]
[Board "20"]
[WhiteID "11501642"]
[White "Faqeeh Yara"]
[BlackID "11401117"]
[Black "Prasad Tanvi"]
[Result "1-0"]
[BlackElo "1339"]
[WhiteElo "1499"]
[LiveChessVersion "1.4.8"]

1. d4 {[%clk 1:30:54]} d5 {[%clk 1:30:38]} 2. c4 {[%clk 1:30:50]} c6
{[%clk 1:30:58]} 3. Nc3 {[%clk 1:30:26]} Nf6 {[%clk 1:31:15]} 4. Bf4
{[%clk 1:29:04]} e6 {[%clk 1:28:26]} 5. e3 {[%clk 1:27:16]} Bd6 {[%clk 1:27:58]}
6. Bg3 {[%clk 1:26:28]} O-O {[%clk 1:27:46]} 7. Nf3 {[%clk 1:26:03]} Bxg3
{[%clk 1:27:31]} 8. hxg3 {[%clk 1:26:14]} Nbd7 {[%clk 1:24:51]} 9. Bd3
{[%clk 1:24:45]} h6 {[%clk 1:19:52]} 10. Qc2 {[%clk 1:22:35]} b6 {[%clk 1:17:26]}
11. O-O-O {[%clk 1:09:31]} Ba6 {[%clk 1:15:36]} 12. cxd5 {[%clk 1:04:05]} Bxd3
{[%clk 1:15:53]} 13. Qxd3 {[%clk 1:04:29]} cxd5 {[%clk 1:14:55]} 14. Kb1
{[%clk 1:04:10]} Re8 {[%clk 1:08:24]} 15. Rc1 {[%clk 1:02:30]} a6
{[%clk 1:00:36]} 16. Na4 {[%clk 1:00:45]} e5 {[%clk 0:59:44]} 17. dxe5
{[%clk 0:59:52]} Nxe5 {[%clk 0:59:44]} 18. Nxe5 {[%clk 1:00:03]} Rxe5
{[%clk 1:00:00]} 19. Rhd1 {[%clk 0:59:17]} b5 {[%clk 0:58:35]} 20. Nc3
{[%clk 0:58:49]} Rc8 {[%clk 0:50:32]} 21. a3 {[%clk 0:50:39]} Qd6
{[%clk 0:46:48]} 22. e4 {[%clk 0:45:03]} Rd8 {[%clk 0:46:08]} 23. f4
{[%clk 0:39:12]} Rh5 {[%clk 0:45:22]} 24. e5 {[%clk 0:38:57]} Qe6
{[%clk 0:44:48]} 25. exf6 {[%clk 0:38:53]} gxf6 {[%clk 0:45:01]} 26. Qf3
{[%clk 0:38:05]} Rh2 {[%clk 0:44:42]} 27. Nxd5 {[%clk 0:37:09]} Qf5+
{[%clk 0:41:03]} 28. Ka1 {[%clk 0:37:22]} Re8 {[%clk 0:36:50]} 29. Rc5
{[%clk 0:32:56]} Qg6 {[%clk 0:32:42]} 30. Rc6 {[%clk 0:29:29]} Qg7
{[%clk 0:27:39]} 31. Nxf6+ {[%clk 0:29:38]} Kf8 {[%clk 0:27:49]} 32. Nxe8
{[%clk 0:30:00]} Kxe8 {[%clk 0:28:09]} 33. Qe4+ {[%clk 0:30:04]} Kf8
{[%clk 0:28:20]} 34. Rd8# {[%clk 0:30:01]} 1-0

[Event "WCO 2016"]
[Site "?"]
[Date "2016.09.09"]
[Round "7"]
[Board "17"]
[WhiteID "20500327"]
[White "Nkhoma Desiderata "]
[BlackID "10301216"]
[Black "Bekheet Suhailah"]
[Result "1-0"]
[BlackElo "1059"]
[WhiteElo "1375"]
[LiveChessVersion "1.4.8"]

1. e4 {[%clk 1:30:49]} e5 {[%clk 1:30:40]} 2. Nf3 {[%clk 1:29:55]} Nc6
{[%clk 1:30:33]} 3. Bc4 {[%clk 1:30:06]} Nd4 {[%clk 1:30:00]} 4. O-O
{[%clk 1:27:41]} Nxf3+ {[%clk 1:29:31]} 5. Qxf3 {[%clk 1:27:08]} Qf6
{[%clk 1:29:22]} 6. Qg3 {[%clk 1:25:00]} g6 {[%clk 1:28:55]} 7. d3
{[%clk 1:20:25]} Bg7 {[%clk 1:28:09]} 8. Nd2 {[%clk 1:17:59]} Ne7
{[%clk 1:27:45]} 9. Nf3 {[%clk 1:14:48]} d6 {[%clk 1:27:21]} 10. Bg5
{[%clk 1:10:58]} Qf5 {[%clk 1:25:42]} 11. exf5 {[%clk 1:03:19]} Nxf5
{[%clk 1:25:41]} 12. Qg4 {[%clk 1:03:21]} Ne3 {[%clk 1:23:51]} 13. Qe4
{[%clk 0:59:40]} Nxf1 {[%clk 1:23:33]} 14. Rxf1 {[%clk 0:59:01]} c6
{[%clk 1:23:32]} 15. Qh4 {[%clk 0:54:50]} Bd7 {[%clk 1:22:47]} 16. Bf6
{[%clk 0:54:47]} Bxf6 {[%clk 1:21:55]} 17. Qxf6 {[%clk 0:55:06]} Rf8
{[%clk 1:21:52]} 18. Ng5 {[%clk 0:55:06]} d5 {[%clk 1:21:46]} 19. Bb3
{[%clk 0:51:42]} h6 {[%clk 1:21:53]} 20. Nh7 {[%clk 0:51:27]} a5 {[%clk 1:21:34]}
21. Qxe5+ {[%clk 0:51:36]} Be6 {[%clk 1:21:29]} 22. Nxf8 {[%clk 0:51:09]} Kxf8
{[%clk 1:21:45]} 23. Qf6 {[%clk 0:50:30]} Re8 {[%clk 1:21:48]} 24. Re1
{[%clk 0:50:11]} b5 {[%clk 1:21:50]} 25. c4 {[%clk 0:49:50]} a4 {[%clk 1:22:04]}
26. Bd1 {[%clk 0:49:34]} h5 {[%clk 1:20:43]} 27. cxd5 {[%clk 0:49:14]} cxd5
{[%clk 1:20:36]} 28. Bf3 {[%clk 0:49:34]} g5 {[%clk 1:19:35]} 29. Bxd5
{[%clk 0:49:50]} Bxd5 {[%clk 1:19:40]} 30. Qh8# {[%clk 0:50:10]} 1-0

[Event "WCO 2016"]
[Site "?"]
[Date "2016.09.09"]
[Round "7"]
[Board "18"]
[WhiteID "10301291"]
[White "Baqer Fatemah Alzahraa"]
[BlackID "16400100"]
[Black "Mpinganjira Ellen"]
[Result "0-1"]
[BlackElo "1372"]
[WhiteElo "1204"]
[LiveChessVersion "1.4.8"]

1. e4 {[%clk 1:30:54]} e6 {[%clk 1:30:51]} 2. d4 {[%clk 1:31:18]} d5
{[%clk 1:31:15]} 3. exd5 {[%clk 1:31:41]} exd5 {[%clk 1:31:41]} 4. Nf3
{[%clk 1:31:50]} Bd6 {[%clk 1:31:40]} 5. Bd3 {[%clk 1:31:36]} Nf6
{[%clk 1:31:47]} 6. O-O {[%clk 1:31:21]} O-O {[%clk 1:32:12]} 7. Bg5
{[%clk 1:31:38]} Bg4 {[%clk 1:27:23]} 8. Nc3 {[%clk 1:28:41]} c6 {[%clk 1:27:29]}
9. Re1 {[%clk 1:27:07]} Nbd7 {[%clk 1:27:08]} 10. h3 {[%clk 1:20:21]} Bh5
{[%clk 1:21:55]} 11. g4 {[%clk 1:19:16]} Bg6 {[%clk 1:22:11]} 12. Bxg6
{[%clk 1:19:02]} fxg6 {[%clk 1:15:58]} 13. Qe2 {[%clk 1:13:20]} Qc7
{[%clk 1:13:16]} 14. Rad1 {[%clk 1:06:39]} Rae8 {[%clk 1:03:06]} 15. Qd2
{[%clk 1:06:07]} Ne4 {[%clk 0:52:48]} 16. Nxe4 {[%clk 1:03:40]} dxe4
{[%clk 0:52:00]} 17. Ne5 {[%clk 1:02:31]} Bxe5 {[%clk 0:50:30]} 18. dxe5
{[%clk 1:02:30]} Nxe5 {[%clk 0:50:48]} 19. Re3 {[%clk 0:54:14]} Nf3+
{[%clk 0:46:05]} 20. Rxf3 {[%clk 0:54:26]} Rxf3 {[%clk 0:45:04]} 21. Re1
{[%clk 0:53:01]} Rxh3 {[%clk 0:39:56]} 22. Bf4 {[%clk 0:49:25]} Qc8
{[%clk 0:39:38]} 23. Qe2 {[%clk 0:45:16]} Rh4 {[%clk 0:39:17]} 24. Qc4+
{[%clk 0:44:25]} Kh8 {[%clk 0:39:12]} 25. Bg3 {[%clk 0:43:17]} Rxg4
{[%clk 0:37:37]} 26. Kg2 {[%clk 0:37:57]} h5 {[%clk 0:36:21]} 27. f3
{[%clk 0:37:34]} exf3+ {[%clk 0:36:46]} 28. Kxf3 {[%clk 0:36:07]} Rxc4
{[%clk 0:37:15]} 29. Rh1 {[%clk 0:35:50]} Qg4+ {[%clk 0:36:51]} 30. Kg2
{[%clk 0:35:16]} Rxc2+ {[%clk 0:37:16]} 31. Kf1 {[%clk 0:35:11]} Qf3+
{[%clk 0:36:30]} 32. Kg1 {[%clk 0:34:55]} Qg2# {[%clk 0:36:49]} 0-1

[Event "WCO 2016"]
[Site "?"]
[Date "2016.09.09"]
[Round "7"]
[Board "19"]
[WhiteID "16400186"]
[White "Gondwe Vitumbiko"]
[BlackID "10301100"]
[Black "Alawadhi Amenah"]
[Result "1/2-1/2"]
[BlackElo "1393"]
[WhiteElo "1407"]
[LiveChessVersion "1.4.8"]

1. d4 {[%clk 1:30:52]} d5 {[%clk 1:30:52]} 2. e3 {[%clk 1:30:55]} Nf6
{[%clk 1:30:14]} 3. Nf3 {[%clk 1:31:02]} e6 {[%clk 1:30:38]} 4. Be2
{[%clk 1:30:57]} c5 {[%clk 1:28:05]} 5. c3 {[%clk 1:30:37]} Nc6 {[%clk 1:22:44]}
6. O-O {[%clk 1:29:28]} Bd6 {[%clk 1:18:55]} 7. dxc5 {[%clk 1:22:02]} Bxc5
{[%clk 1:19:03]} 8. Nbd2 {[%clk 1:22:26]} O-O {[%clk 1:18:47]} 9. Nb3
{[%clk 1:22:31]} Bd6 {[%clk 1:18:38]} 10. Qc2 {[%clk 1:19:55]} e5
{[%clk 1:12:21]} 11. h3 {[%clk 1:17:03]} Bc7 {[%clk 1:05:38]} 12. c4
{[%clk 1:03:19]} b6 {[%clk 0:53:10]} 13. cxd5 {[%clk 0:55:40]} Qxd5
{[%clk 0:50:34]} 14. Rd1 {[%clk 0:55:02]} Qe4 {[%clk 0:46:15]} 15. Qxe4
{[%clk 0:50:15]} Nxe4 {[%clk 0:46:17]} 16. Bd3 {[%clk 0:48:52]} Rd8
{[%clk 0:45:22]} 17. a3 {[%clk 0:48:14]} Ba6 {[%clk 0:43:55]} 18. Bc2
{[%clk 0:47:56]} Rxd1+ {[%clk 0:38:27]} 19. Bxd1 {[%clk 0:48:17]} Rd8
{[%clk 0:35:40]} 20. Nbd2 {[%clk 0:36:51]} Bb7 {[%clk 0:31:06]} 21. Bc2
{[%clk 0:35:58]} Nf6 {[%clk 0:23:49]} 22. b4 {[%clk 0:29:36]} Ne7
{[%clk 0:20:31]} 23. e4 {[%clk 0:25:44]} Ng6 {[%clk 0:12:02]} 24. g3
{[%clk 0:22:50]} Nd7 {[%clk 0:09:33]} 25. Nc4 {[%clk 0:21:43]} f6
{[%clk 0:09:06]} 26. Nfd2 {[%clk 0:20:43]} Ndf8 {[%clk 0:08:36]} 27. f3
{[%clk 0:20:30]} Ne6 {[%clk 0:08:55]} 28. Nb3 {[%clk 0:19:23]} Nd4
{[%clk 0:08:44]} 29. Nxd4 {[%clk 0:19:43]} Rxd4 {[%clk 0:09:09]} 30. Bb3
{[%clk 0:19:51]} Kf8 {[%clk 0:09:09]} 31. Ne3 {[%clk 0:18:15]} Ne7
{[%clk 0:05:31]} 32. Kf2 {[%clk 0:16:00]} Rd8 {[%clk 0:05:47]} 33. g4
{[%clk 0:16:10]} Nc6 {[%clk 0:05:52]} 34. b5 {[%clk 0:14:51]} Nd4
{[%clk 0:06:13]} 35. Bc4 {[%clk 0:13:45]} Ke7 {[%clk 0:05:38]} 36. a4
{[%clk 0:14:11]} Bc8 {[%clk 0:05:48]} 37. Ba3+ {[%clk 0:14:36]} Bd6
{[%clk 0:05:38]} 38. Nd5+ {[%clk 0:13:48]} Kd7 {[%clk 0:05:34]} 39. Bxd6
{[%clk 0:13:12]} Kxd6 {[%clk 0:05:55]} 40. Rd1 {[%clk 0:42:56]} Bb7
{[%clk 0:36:03]} 41. Ne3 {[%clk 0:42:25]} g6 {[%clk 0:32:44]} 42. h4
{[%clk 0:39:37]} Kc5 43. Bf1 {[%clk 0:38:51]} Kb4 {[%clk 0:31:08]} 44. h5
{[%clk 0:34:46]} Rc8 {[%clk 0:31:13]} 45. Bd3 {[%clk 0:31:37]} Ra8
{[%clk 0:26:22]} 1/2-1/2

[Event "WCO 2016"]
[Site "?"]
[Date "2016.09.09"]
[Round "7"]
[Board "33"]
[WhiteID "1500953"]
[White "Sahl Sheila Barth"]
[BlackID "5018218"]
[Black "Jennitha Anto K."]
[Result "1/2-1/2"]
[BlackElo "1953"]
[WhiteElo "2181"]
[LiveChessVersion "1.4.8"]

1. e4 {[%clk 1:30:53]} c5 {[%clk 1:30:56]} 2. Nf3 {[%clk 1:31:13]} d6
{[%clk 1:31:19]} 3. d4 {[%clk 1:31:37]} cxd4 {[%clk 1:31:43]} 4. Nxd4
{[%clk 1:31:51]} Nf6 {[%clk 1:32:03]} 5. Nc3 {[%clk 1:32:12]} a6 {[%clk 1:32:26]}
6. h3 {[%clk 1:32:25]} e5 {[%clk 1:32:21]} 7. Nde2 {[%clk 1:32:24]} Be7
{[%clk 1:29:32]} 8. g4 {[%clk 1:32:11]} h6 {[%clk 1:26:14]} 9. Bg2
{[%clk 1:31:52]} Nbd7 {[%clk 1:22:35]} 10. Ng3 {[%clk 1:29:08]} g6
{[%clk 1:15:13]} 11. O-O {[%clk 1:18:13]} Nb6 {[%clk 1:06:09]} 12. b3
{[%clk 1:13:36]} h5 {[%clk 0:58:24]} 13. Bf3 {[%clk 0:47:10]} Qc7
{[%clk 0:42:44]} 14. Be3 {[%clk 0:43:58]} Qxc3 {[%clk 0:28:59]} 15. Bxb6
{[%clk 0:44:21]} hxg4 {[%clk 0:29:15]} 16. hxg4 {[%clk 0:41:40]} Rh4
{[%clk 0:27:22]} 17. Qd3 {[%clk 0:32:30]} Qxd3 {[%clk 0:24:18]} 18. cxd3
{[%clk 0:32:57]} Bxg4 {[%clk 0:24:39]} 19. Bxg4 {[%clk 0:31:40]} Nxg4
{[%clk 0:24:40]} 20. Rfc1 {[%clk 0:31:06]} Bd8 {[%clk 0:24:45]} 21. Bxd8
{[%clk 0:28:06]} Kxd8 {[%clk 0:25:11]} 22. Rc4 {[%clk 0:28:11]} Rc8
{[%clk 0:24:39]} 23. Rac1 {[%clk 0:21:19]} Rxc4 {[%clk 0:24:37]} 24. dxc4
{[%clk 0:21:11]} Nf6 {[%clk 0:21:41]} 25. f3 {[%clk 0:20:41]} Rh8
{[%clk 0:19:05]} 26. Ne2 {[%clk 0:18:26]} Kd7 {[%clk 0:14:24]} 27. Nc3
{[%clk 0:18:34]} Ke6 {[%clk 0:13:16]} 28. Rd1 {[%clk 0:16:27]} g5
{[%clk 0:10:42]} 29. Rf1 {[%clk 0:11:57]} Nh5 {[%clk 0:07:39]} 30. Nd5
{[%clk 0:11:14]} Nf4 {[%clk 0:07:53]} 31. Nxf4+ {[%clk 0:09:05]} exf4
{[%clk 0:07:50]} 32. Rd1 {[%clk 0:09:26]} Rh3 {[%clk 0:04:03]} 33. Kg2
{[%clk 0:09:46]} Rg3+ {[%clk 0:04:28]} 34. Kf2 {[%clk 0:10:11]} g4
{[%clk 0:04:13]} 35. fxg4 {[%clk 0:09:41]} Ke5 {[%clk 0:04:41]} 36. g5
{[%clk 0:08:39]} Kxe4 {[%clk 0:04:56]} 37. Rxd6 Rxg5 {[%clk 0:05:15]} 38. Rd7
{[%clk 0:08:59]} f6 {[%clk 0:03:56]} 39. Re7+ {[%clk 0:09:25]} Kf5
{[%clk 0:04:06]} 40. Rxb7 {[%clk 0:39:48]} Rh5 {[%clk 0:34:21]} 41. Rd7
{[%clk 0:24:27]} Rh2+ {[%clk 0:29:26]} 42. Kf3 {[%clk 0:24:50]} Rh3+
{[%clk 0:28:28]} 43. Ke2 {[%clk 0:23:47]} Re3+ {[%clk 0:24:41]} 44. Kf2
{[%clk 0:24:11]} Rc3 {[%clk 0:24:36]} 45. Rd8 {[%clk 0:22:22]} Rc2+
{[%clk 0:22:17]} 46. Kf3 {[%clk 0:22:45]} Rc3+ {[%clk 0:22:43]} 47. Ke2
{[%clk 0:21:25]} Re3+ {[%clk 0:22:35]} 48. Kf2 {[%clk 0:20:31]} 1/2-1/2